<?xml version="1.0" encoding="UTF-8"?>
<record
    xmlns:xsi="http://www.w3.org/2001/XMLSchema-instance"
    xsi:schemaLocation="http://www.loc.gov/MARC21/slim http://www.loc.gov/standards/marcxml/schema/MARC21slim.xsd"
    xmlns="http://www.loc.gov/MARC21/slim">

  <leader>00406nam a22001577a 4500</leader>
  <controlfield tag="005">20251127120507.0</controlfield>
  <controlfield tag="008">251127b        |||||||| |||| 00| 0 eng d</controlfield>
  <datafield tag="020" ind1=" " ind2=" ">
    <subfield code="a">13:978-1-285-07470-2</subfield>
  </datafield>
  <datafield tag="050" ind1=" " ind2=" ">
    <subfield code="a">QA 184.L37 2014</subfield>
  </datafield>
  <datafield tag="100" ind1=" " ind2=" ">
    <subfield code="a">LARSON RON</subfield>
  </datafield>
  <datafield tag="245" ind1=" " ind2=" ">
    <subfield code="a">ELEMENTARY AND INTERMEDIATE ALGEBRA WITHIN REACH</subfield>
  </datafield>
  <datafield tag="250" ind1=" " ind2=" ">
    <subfield code="a">6th</subfield>
  </datafield>
  <datafield tag="260" ind1=" " ind2=" ">
    <subfield code="a">AUTRALIA</subfield>
    <subfield code="b">CENGAGE</subfield>
    <subfield code="c">2014</subfield>
  </datafield>
  <datafield tag="300" ind1=" " ind2=" ">
    <subfield code="a">X.618</subfield>
  </datafield>
  <datafield tag="942" ind1=" " ind2=" ">
    <subfield code="2">lcc</subfield>
    <subfield code="c">BK</subfield>
  </datafield>
  <datafield tag="999" ind1=" " ind2=" ">
    <subfield code="c">216311</subfield>
    <subfield code="d">216311</subfield>
  </datafield>
  <datafield tag="952" ind1=" " ind2=" ">
    <subfield code="0">0</subfield>
    <subfield code="1">0</subfield>
    <subfield code="2">lcc</subfield>
    <subfield code="4">0</subfield>
    <subfield code="6">QA0184 L37  02014</subfield>
    <subfield code="7">0</subfield>
    <subfield code="8">SCT</subfield>
    <subfield code="9">373790</subfield>
    <subfield code="a">KSUL</subfield>
    <subfield code="b">KSUL</subfield>
    <subfield code="c">DISPLAY</subfield>
    <subfield code="d">2025-11-27</subfield>
    <subfield code="i">110203</subfield>
    <subfield code="l">0</subfield>
    <subfield code="o">QA 184.L37 2014</subfield>
    <subfield code="p">000000018931</subfield>
    <subfield code="r">2025-11-27 12:05:49</subfield>
    <subfield code="t">C.2</subfield>
    <subfield code="w">2025-11-27</subfield>
    <subfield code="y">BK</subfield>
  </datafield>
  <datafield tag="952" ind1=" " ind2=" ">
    <subfield code="0">0</subfield>
    <subfield code="1">0</subfield>
    <subfield code="2">lcc</subfield>
    <subfield code="4">0</subfield>
    <subfield code="6">QA0184 L37  02014</subfield>
    <subfield code="7">0</subfield>
    <subfield code="8">SCT</subfield>
    <subfield code="9">373791</subfield>
    <subfield code="a">KSUL</subfield>
    <subfield code="b">KSUL</subfield>
    <subfield code="c">DISPLAY</subfield>
    <subfield code="d">2025-11-27</subfield>
    <subfield code="i">110204</subfield>
    <subfield code="l">0</subfield>
    <subfield code="o">QA 184.L37 2014</subfield>
    <subfield code="p">000000018930</subfield>
    <subfield code="r">2025-11-27 12:05:00</subfield>
    <subfield code="t">C.3</subfield>
    <subfield code="w">2025-11-27</subfield>
    <subfield code="y">BK</subfield>
  </datafield>
  <datafield tag="952" ind1=" " ind2=" ">
    <subfield code="0">0</subfield>
    <subfield code="1">0</subfield>
    <subfield code="2">lcc</subfield>
    <subfield code="4">0</subfield>
    <subfield code="6">QA0184 L37  02014</subfield>
    <subfield code="7">0</subfield>
    <subfield code="8">SCT</subfield>
    <subfield code="9">373792</subfield>
    <subfield code="a">KSUL</subfield>
    <subfield code="b">KSUL</subfield>
    <subfield code="c">DISPLAY</subfield>
    <subfield code="d">2025-11-27</subfield>
    <subfield code="i">110205</subfield>
    <subfield code="l">0</subfield>
    <subfield code="o">QA 184.L37 2014</subfield>
    <subfield code="p">000000018929</subfield>
    <subfield code="r">2025-11-27 12:05:00</subfield>
    <subfield code="t">C.4</subfield>
    <subfield code="w">2025-11-27</subfield>
    <subfield code="y">BK</subfield>
  </datafield>
  <datafield tag="952" ind1=" " ind2=" ">
    <subfield code="0">0</subfield>
    <subfield code="1">0</subfield>
    <subfield code="2">lcc</subfield>
    <subfield code="4">0</subfield>
    <subfield code="6">QA0184 L37  02014</subfield>
    <subfield code="7">0</subfield>
    <subfield code="8">SCT</subfield>
    <subfield code="9">373793</subfield>
    <subfield code="a">KSUL</subfield>
    <subfield code="b">KSUL</subfield>
    <subfield code="c">DISPLAY</subfield>
    <subfield code="d">2025-11-27</subfield>
    <subfield code="i">110206</subfield>
    <subfield code="l">0</subfield>
    <subfield code="o">QA 184.L37 2014</subfield>
    <subfield code="p">000000018928</subfield>
    <subfield code="r">2025-11-27 12:05:00</subfield>
    <subfield code="t">C.5</subfield>
    <subfield code="w">2025-11-27</subfield>
    <subfield code="y">BK</subfield>
  </datafield>
</record>
